000 00234nam a22001217a 4500
040 _cSK
082 _a634
100 _aNGUYEN VANSO
245 _aAgroforestry syllabus
260 _aVIETNAM
_bNGU
_c1997
300 _a12p.
942 _cEK
999 _c8969
_d8969